The resurrection factor. (Record no. 7603)

000 -LEADER
fixed length control field 00556nam a2200181 a 4500
001 - CONTROL NUMBER
control field :::00005364$&:&@@
003 - CONTROL NUMBER IDENTIFIER
control field OkBaRHE
005 - DATE AND TIME OF LATEST TRANSACTION
control field 20000607103325.0
008 - FIXED-LENGTH DATA ELEMENTS--GENERAL INFORMATION
fixed length control field s1989 j 000 0 eng u
040 ## - CATALOGING SOURCE
Transcribing agency
100 1# - MAIN ENTRY--PERSONAL NAME
Personal name McDowell, Josh.
245 14 - TITLE STATEMENT
Title The resurrection factor.
260 ## - PUBLICATION, DISTRIBUTION, ETC. (IMPRINT)
Place of publication, distribution, etc San Bernardino, CA., :
Name of publisher, distributor, etc Here's Life Publishers
Date of publication, distribution, etc 1989
300 ## - PHYSICAL DESCRIPTION
Extent 190 p. : illus. ;
Dimensions 21 cm.
650 ## - SUBJECT ADDED ENTRY--TOPICAL TERM
Topical term or geographic name as entry element Jesus Christ
General subdivision Resurrection
942 ## - ADDED ENTRY ELEMENTS (KOHA)
Source of classification or shelving scheme
Koha item type Books
Copies
Source of classification or shelving scheme Date last seen Shelving location Price effective from Permanent Location Barcode Date acquired Copy number Koha item type Withdrawn status Lost status Damaged status Full call number Not for loan
 2010-04-14General Stacks2010-04-14RHEMA Bible Training College53642010-04-141Books   BT 481 .M38